| 000 | 00802nam a2200241 a 4500 | ||
|---|---|---|---|
| 001 | 42159 | ||
| 003 | BD-RjUL | ||
| 005 | 20211209053512.0 | ||
| 008 | 160609s1969 enk b 001 0 eng | ||
| 020 | _a0710066368 | ||
| 035 | _a(BD-RjUL)42277 | ||
| 040 |
_aDLC _cDLC _dm.c _dBD-RjUL _beng |
||
| 041 | _aeng | ||
| 082 |
_a327.47056 _bLAS 1969 |
||
| 100 | 1 |
_aLaqueur, Walter, _d1921- _9129582 |
|
| 245 | 1 | 4 |
_aThe struggle for the Middle East : _bthe Soviet Union and the Middle East, 1958-68 / _c Walter Laqueur |
| 260 |
_aLondon : _bRoutledge & Kegan Paul, _c1969 |
||
| 300 |
_aviii, 360 p. ; _c23 cm |
||
| 504 | _aIncludes Bibliography and index | ||
| 651 | 0 |
_aSoviet Union _xForeign relations _zMiddle East _9129584 |
|
| 651 | 0 |
_aMiddle East _xForeign relations _zSoviet Union _9129583 |
|
| 942 |
_2ddc _cBK |
||
| 999 |
_c42159 _d42159 |
||